| Tag |
First Indicator |
Second Indicator |
Subfields |
| LEADER |
00000cam a22000004a 4500 |
| 001 |
in00004495021 |
| 005 |
20191203130752.0 |
| 008 |
001114s2001 iauab b 001 0 eng |
| 010 |
|
|
|a 00053985
|
| 016 |
7 |
|
|a 101129228
|2 DNLM
|
| 020 |
|
|
|a 0813822661 (alk. paper)
|
| 020 |
|
|
|a 0813807549 (alk. paper)
|
| 035 |
|
|
|a (OCoLC)ocm45393517
|
| 035 |
|
|
|z (UtOrBLW)31989
|
| 035 |
|
|
|a 47487
|
| 040 |
|
|
|a DLC
|c DLC
|d C#P
|d NLM
|d UtOrBLW
|
| 042 |
|
|
|a pcc
|
| 043 |
|
|
|a n------
|
| 049 |
|
|
|a TMVM
|c 1
|
| 050 |
0 |
0 |
|a QK100.N6
|b B87 2000
|
| 060 |
0 |
0 |
|a WD 500
|b B972t 2001
|
| 082 |
0 |
0 |
|a 581.6/59/097
|2 21
|
| 100 |
1 |
|
|a Burrows, George E.
|q (George Edward),
|d 1935-
|
| 245 |
1 |
0 |
|a Toxic plants of North America /
|c George E. Burrows, Ronald J. Tyrl.
|
| 250 |
|
|
|a First edition.
|
| 264 |
|
1 |
|a Ames :
|b Iowa State University Press,
|c 2001.
|
| 300 |
|
|
|a vi, 1342 pages :
|b illustrations, maps ;
|c 29 cm.
|
| 336 |
|
|
|a text
|2 rdacontent
|b txt
|
| 337 |
|
|
|a unmediated
|2 rdamedia
|
| 338 |
|
|
|a volume
|2 rdacarrier
|b nc
|
| 504 |
|
|
|a Includes bibliographical references.
|
| 505 |
0 |
|
|a Introduction -- Aceraceae -- Agavaceae -- Aloaceae -- Amaranthaceae -- Anacardiaceae -- Apiaceae -- Apocynaceae -- Aquifoliaceae -- Araceae -- Araliaceae -- Asclepiadaceae -- Asteraceae -- Berberidaceae -- Boraginaceae -- Brassicaceae -- Calycanthaceae -- Campanulaceae -- Cannabaceae -- Caprifoliaceae -- Caryophyllaceae -- Celastraceae -- Chenopodiaceae -- Clusiaceae -- Convolvulaceae -- Coriariaceae -- Crassulaceae -- Curcurbitaceae -- Cupressaceae -- Cycadaceae -- Datiscaceae -- Dennstaedtiaceae -- Ebenaceae -- Equisetaceae -- Ericaceae -- Euphorbiaceae -- Fabaceae -- Fagaceae -- Fumariaceae -- Gingoaceae -- Hippocastanaceae -- Iridaceae -- Juglandaceae -- Juncaginaceae -- Lamiaceae -- Lauraceae -- Liliaceae -- Linaceae -- Loganiaceae -- Malvaceae -- Meliaceae -- Oleaceae -- Oxalidaceae -- Papaveraceae -- Phytolaccaceae -- Pinaceae -- Poaceae -- Polygonaceae -- Primulaceae -- Pteridaceae -- Ranunculaceae -- Rhamnaceae -- Rosaceae -- Rubiaceae -- Rutaceae -- Sapindaceae -- Scrophulariaceae -- Solanaceae -- Taxaceae -- Thymelaeaceae -- Urticaceae -- Verbenaceae -- Viscaceae -- Zamiaceae -- Zygophyllaceae -- Families of questionable toxicity or significance -- Identification of toxic plants
|
| 650 |
|
2 |
|a Plants, Toxic.
|
| 651 |
|
2 |
|a North America.
|
| 700 |
1 |
|
|a Tyrl, Ronald J.
|
| 999 |
|
|
|a MARS
|
| 999 |
f |
f |
|s d894fd37-ca96-382d-abc2-9a7c211e7b82
|i 9910219a-cb20-38fb-8e05-dcd4d84e533a
|t 0
|
| 952 |
f |
f |
|p ric
|a Texas A&M University
|b Rellis Campus
|c Joint Library Facility
|d Remote Storage
|t 0
|e WD 500 B972t 2001
|h National Library of Medicine classification
|i unmediated -- volume
|m 3238901708907
|
| 998 |
f |
f |
|a WD 500 B972t 2001
|t 0
|l Remote Storage
|